| 000 | 00975cam a2200253 i 4500 | ||
|---|---|---|---|
| 005 | 20191224041641.0 | ||
| 008 | 020426s2001 ck ab r 00010 spa d | ||
| 015 | _ack-2001-xxxx | ||
| 020 | _a9589697224 | ||
| 040 |
_ala _cla _dco-bOiavh |
||
| 041 | 0 | _aspa | |
| 043 | _as-ck--- | ||
| 044 | _ack | ||
| 082 | 0 | 4 |
_a591.77 _bI62g |
| 110 | 2 | _aInstituto de Investigaciones Marinas y Costeras José Benito Vives de Andréis. | |
| 245 | 1 | 0 |
_aGorgona marina : _bcontribución al conocimiento de una isla única / _cInstituto de Investigaciones Marinas y Costeras José Benito Vives de Andréis. |
| 260 |
_aSanta Marta : _bInvemar, _c2001. |
||
| 300 |
_a160 páginas : _bilustraciones y mapas ; _c33 cm. |
||
| 650 | 1 | 4 |
_aParques nacionales _z Colombia. |
| 650 | 2 | 4 |
_aFauna marina _z Gorgona (Isla, Colombia) |
| 651 | 2 | 4 |
_aGorgona (Isla, Colombia) _x Descripciones y viajes. |
| 651 | 2 | 4 | _aGorgona (Isla, Colombia) |
| 942 |
_2ddc _cLIBRO _01 |
||
| 999 |
_c2581 _d2581 |
||